000 00644nam a2200217Ia 4500
003 GCL
008 140319s9999 xx 000 0 ara d
040 _aGCL /
_cGCL
082 0 4 _a791.430233092
_bر ح
100 1 _aرفيق الصبان
245 1 0 _aحسين كمال: عاشق المستحيل منه وعليه /
_cرفيق الصبان
300 _a102 ص
490 _a
650 0 4 _aالاخراج المسرحى
650 0 4 _aالاخراج التليفزيونى
650 0 4 _aالسينما
650 0 4 _aالاخراج السينمائى
650 0 4 _aالمخرجون
650 0 4 _aكمال حسين
942 _2ddc
_cBK
999 _c44324
_d44324